000 00427nam a22001337a 4500
082 _a625.85
_bMOD
_cDonated
100 _aThe Asphalt Institute
_920237
245 _aModel construction specification for asphalt concrete and other plant-mix types
_cThe Asphalt Institute
260 _aUSA
_bThe Asphalt Institute
_c1975
300 _a60.p:
526 _a0
_b0
_c0
_d625_850000000000000_MOD
650 _aMCE
_9379
942 _2ddc
_cBK
999 _c547733
_d547733